| 000 | 00414nam a2200157Ia 4500 | ||
|---|---|---|---|
| 008 | 230312s9999||||xx |||||||||||||| ||und|| | ||
| 020 | _a9780443101083 | ||
| 082 |
_a612 _bAUL-A |
||
| 100 | _aAulton ,Michael .E | ||
| 245 | 0 | _aAulton,s Pharmaceutics the design and manufacture of medicines | |
| 260 |
_bElservier _aU.K _c2007 |
||
| 300 | _a717 | ||
| 546 | _aEng. | ||
| 650 |
_aPharmacy _vPharmaceutics |
||
| 942 | _cBK | ||
| 999 |
_c4382 _d4382 |
||